000 00594nam a22001937a 4500
999 _c8682
_d8682
003 GBCCL
005 20241126110656.0
008 210809b ||||| |||| 00| 0 eng d
040 _cGBC
082 _a236
_bCAM
100 _aCamping, Harold
_915334
245 _aThe end of the church age...and after /
_cby Harold Camping.
260 _aOakland, Calif. :
_bFamily Stations, Inc.,
_c2003, ©2002.
300 _axxiii, 374 pages ;
_c23 cm
650 _aEschatology.
_92009
650 _aEnd of the world.
_92039
650 _aTribulation (Christian eschatology)
_92041
942 _2ddc
_cBK
_03